Movies of 1995 Quiz Stats

 Plays Quiz Updated Jun 11, 2018

Score 0/16 Timer 06:00
10 Plays Today
Picture Movie % Correct
14Casper
95.4%
11Babe
95%
12Braveheart
91%
9Apollo 13
86.7%
4Clueless
77.5%
13Bad Boys
74.6%
10Toy Story
73.4%
16Se7en
71.6%
Picture Movie % Correct
6Waterworld
66.9%
8Casino
65.4%
7Jumanji
64.1%
1Pocahontas
60%
2Goldeneye
52%
3Twelve Monkeys
50.9%
5The Usual Suspects
50.8%
15Heat
42.3%

You're not logged in!

Compare scores with friends on all Sporcle quizzes.
OR
Log In

You Might Also Like...

Show Comments

Extras

Top Quizzes Today


Score Distribution

Your Account Isn't Verified!

In order to create a playlist on Sporcle, you need to verify the email address you used during registration. Go to your Sporcle Settings to finish the process.

Report this User

Report this user for behavior that violates our Community Guidelines.

Details: